00452nam a2200181Ia 4500008004100000020001500041050001600056100001700072245002100089245002000110245004400130260001000174260002800184260000900212300001900221300002000240300001000260170918s9999 xx 000 0 und d a1400030773 bD821in 2002 aDubus, Andre aIn the bedroom : bseven stories / cby Andre Dubus ; preface by Todd Field. aUSA : bVintage Contemporaries, c2002 ax, 148 pages : billustrations ; c20cm.